Statistics for Words with Missing First Letter #1

Click here to take the quiz!

General Stats

  • This quiz has been taken 27,777 times
  • The average score is 17 of 24

Answer Stats

First Letter Hint % Correct
SHOE
98%
PLEASE
91%
TWIN
88%
SHEAR
87%
OVARY
83%
IDEAL
83%
CLIMB
82%
EBONY
82%
ASCENT
78%
SOFTEN
77%
TWEAK
77%
SWORD
77%
THORNS
73%
UPRISING
70%
FACTOR
70%
TROUGH
69%
ODOUR
67%
PLAID
66%
USAGE
62%
BLEND
59%
WHINGE
53%
WRETCH
48%
KNEED
45%
ORATION
41%

Score Distribution

Percentile by Number Answered

Percent of People with Each Score

Your Score History

You have not taken this quiz